000
00236nam a22001097a 4500
041
_a
ENG
245
_a
Practical Mannual
260
_a
Ahmednagar
_b
Departmnt Of Ageil
_c
1998
300
_a
34
650
_a
APE ( 02 )
856
_u
APE ( 02 )
999
_c
2861
_d
2861